000 00323nam a22001337a 4500
008 180919b xxu||||| |||| 00| 0 eng d
020 _a070414106
041 _aeng
080 _23 ED
_a330.722
100 _a62
101 _aKON
245 _aAccouting The Basis For Business Decisions
_cMeigs.W.B
942 _2udc
_cBK
999 _c48071
_d48071